Find the 'Y' and 'Z' Capitals (Picture Click) Quiz Stats

Quiz not verified by Sporcle

Challenge
Share
Tweet
Score 0/5 Timer 02:00
0 Plays Today
% Correct
Zagreb
92.9%
Yerevan
79.1%
Yamoussoukro
75%
Yaoundé
74.8%
Yaren
54.6%

You're not logged in!

Compare scores with friends on all Sporcle quizzes.
Sign Up with Email
OR
Log In

You Might Also Like...

Show Comments

Extras

Top Quizzes Today


Score Distribution

Your Account Isn't Verified!

In order to create a playlist on Sporcle, you need to verify the email address you used during registration. Go to your Sporcle Settings to finish the process.